000 00754nam a22002177a 4500
005 20240530110519.0
008 160213s2013 ua g 000 1 ara d
017 _a2012/22013
_bمصر . دار الكتب المصرية
020 _a9789775023308
040 _aEG-CaGPL
082 0 4 _221
_a813.01\
_bإ م
100 0 _aابراهيم مختار .
245 1 0 _aمولد و صاحبه ثائر :
_bمجموعة قصصية /
_cابراهيم مختار .
250 _aط1.
260 _aالقاهرة :
_bدار الطباعة الحديثة ،
_c2013 .
300 _a142 ص ؛
_c20 سم .
650 0 4 _aالقصص العربية .
650 0 4 _aالقصص القصيرة .
942 _2ddc
_cBK
999 _c61846
_d61846